00781cam a22002531 4500001001300000003000400013005001700017008004100034010001700075035001900092040001700111042001200128050002400140110003200164245004200196260001900238300002300257490004700280650004100327650004000368650002800408810007400436999001700510l 52000200 DLC20260227111543.0760308s1951 sz 000 0 eng  al 52000200  a(OCoLC)2037529 aDLCcLUdDLC apremarc00aHD7801b.I67 no. 282 aInternational Labour Office10aVocational training in Latin America. aGeneva,c1951. aiv, 319 p.c24 cm.1 aIts Studies and reports, new ser.,vno. 28 0aVocational educationzLatin America. 0aTechnical educationzLatin America. 0aEmployeesxTraining of.2 aInternational Labour Office.tStudies and reports, new ser.,vno. 28. c36791d36791